Evolution of Ram Sharan Sharma as a historical materialist: The little-known first chapter (Record no. 527251)

000 -LEADER
fixed length control field 00661nam a22001337a 4500
008 - FIXED-LENGTH DATA ELEMENTS--GENERAL INFORMATION
fixed length control field 240819b ||||| |||| 00| 0 eng d
100 ## - MAIN ENTRY--PERSONAL NAME
Personal name Jha, Vishwa Mohan
245 ## - TITLE STATEMENT
Title Evolution of Ram Sharan Sharma as a historical materialist: The little-known first chapter
260 ## - PUBLICATION, DISTRIBUTION, ETC. (IMPRINT)
Place of publication, distribution, etc Social Scientist
300 ## - PHYSICAL DESCRIPTION
Extent 52(3-4), Mar-Apr, 2024: p.63-88
520 ## - SUMMARY, ETC.
Summary, etc No scientist has always been right, and therefore, science does not defer to authority. What must rain sacrosanct, instead, is observed data, in so far as it is collected accurately, and the scientific methodology in all it rigour. – Reproduced
773 ## - HOST ITEM ENTRY
Main entry heading Social Scientist
942 ## - ADDED ENTRY ELEMENTS (KOHA)
Item type Articles
Holdings
Withdrawn status Lost status Source of classification or shelving scheme Damaged status Not for loan Permanent location Current location Date acquired Serial Enumeration / chronology Barcode Date last seen Koha item type
          Indian Institute of Public Administration Indian Institute of Public Administration 2024-08-19 52(3-4), Mar-Apr, 2024: p.63-88 AR132697 2024-08-19 Articles

Powered by Koha